MARC details
| 000 -CABECERA |
| campo de control de longitud fija |
00947nam a2200265 a 4500 |
| 005 - FECHA Y HORA DE LA ÚLTIMA TRANSACCIÓN |
| campo de control |
20210223130705.0 |
| 008 - ELEMENTOS DE LONGITUD FIJA--INFORMACIÓN GENERAL |
| campo de control de longitud fija |
081001s1990 mx r 000 0 spa d |
| 035 ## - NÚMERO DE CONTROL DEL SISTEMA |
| Número de control de sistema |
UPN01000161760 |
| 049 ## - COLECCIÓN |
| Colección |
UNE |
| 080 ## - NÚMERO DE CLASIFICACIÓN DECIMAL UNIVERSAL |
| Número de la Clasificación Decimal Universal |
371,13: 37 =20=40 BAR. |
| 100 1# - ASIENTO PRINCIPAL--NOMBRE PERSONAL |
| Nombre de persona |
Barkatoolah, Amima B.S. |
| 245 10 - MENCIÓN DE TÍTULO |
| Título |
Learning from experience : |
| Resto del título |
a new approach for teacher up-grading / |
| Mención de responsabilidad, etc. |
Amina B.S. Barkatoolah. |
| 260 ## - PUBLICACIÓN, DISTRIBUCIÓN, ETC. |
| Lugar de publicación, distribución, etc. |
Paris : |
| Nombre del editor, distribuidor, etc. |
UNESCO; |
| Lugar de publicación, distribución, etc. |
Rome : |
| Nombre del editor, distribuidor, etc. |
WFP; |
| Lugar de publicación, distribución, etc. |
Nueva York : |
| Nombre del editor, distribuidor, etc. |
UNICEF, |
| Fecha de publicación, distribución, etc. |
1990. |
| 300 ## - DESCRIPCIÓN FÍSICA |
| Extensión |
Pag. irreg. |
| 440 #0 - MENCIÓN DE SERIE/ASIENTO SECUNDARIO--TÍTULO |
| Título |
Notes, Comments...; |
| Designación de volumen o secuencia |
190. |
| 500 ## - NOTA GENERAL |
| Nota general |
Texto en inglés y francés |
| 500 ## - NOTA GENERAL |
| Nota general |
Incluye bibliografía. |
| 690 ## - PUNTO DE ACCESO ADICIONAL DE MATERIA LOCAL--TÉRMINO DE MATERIA (OCLC, RLIN) |
| Término de materia o nombre geográfico como elemento inicial |
Enseñanza- Aprendizaje- Docentes- Formacion profesional |
| 690 ## - PUNTO DE ACCESO ADICIONAL DE MATERIA LOCAL--TÉRMINO DE MATERIA (OCLC, RLIN) |
| Término de materia o nombre geográfico como elemento inicial |
Aprendizaje- Formacion profesional- Docentes |
| 690 ## - PUNTO DE ACCESO ADICIONAL DE MATERIA LOCAL--TÉRMINO DE MATERIA (OCLC, RLIN) |
| Término de materia o nombre geográfico como elemento inicial |
Formacion profesional- Docentes- Enseñanza- Aprendizaje |
| 710 2# - ASIENTO SECUNDARIO - NOMBRE CORPORATIVO |
| Nombre de entidad corporativa o nombre de jurisdicción como elemento de entrada |
UNICEF |
| 9 (RLIN) |
24085 |
| 710 2# - ASIENTO SECUNDARIO - NOMBRE CORPORATIVO |
| Nombre de entidad corporativa o nombre de jurisdicción como elemento de entrada |
UNESCO |
| 710 2# - ASIENTO SECUNDARIO - NOMBRE CORPORATIVO |
| Nombre de entidad corporativa o nombre de jurisdicción como elemento de entrada |
WFP. Programa de alimentación mundial. |
| 905 ## - TIPO DE MATERIAL |
| Tipo de material |
UNESCO |